000 00644nam a2200217 i 4500
001 148788
003 ES-MaACL
005 20250726220445.0
007 t|
008 070214s1967 sp r ||||1| spa d
100 1 _aSubirá, José,
_d1882-1980
_9108686
245 1 0 _aCien óperas
_b: autores, personajes, argumentos /
_cJosé Subirá.
246 3 _a100 óperas
260 _aMadrid :
_bPrensa Española,
_c1967.
300 _a486 p., 18 lám. :
_bil. ;
_c22 cm.
490 1 _aLos tres dados
650 7 _aÓperas
_2embne
_915717
830 1 _aLos tres dados
_9181533
852 _aES-MaACL
_jC-31087
999 _c148788
_d148788